SOS Tracklist By Streams - Statistics

General Stats
  • This quiz has been taken 4 times
  • The average score is 13 of 23
Answer Stats
# Streams Answer % Correct
3 1,475,175,168 Good Days
100%
1 2,550,471,484 Kill Bill
100%
4 1,025,604,365 Nobody Gets Me
100%
2 1,626,737,057 Snooze
100%
9 372,254,789 Blind
67%
15 162,811,500 F2F
67%
10 253,454,698 Ghost in the Machine
67%
17 127,623,292 Gone Girl
67%
8 535,782,978 I Hate U
67%
6 621,295,562 Low
67%
5 816,385,492 Open Arms
67%
7 599,257,500 Shirt
67%
16 137,421,348 SOS
67%
20 111,345,314 Conceited
33%
19 116,835,452 Far
33%
11 245,826,006 Love Language
33%
18 117,327,651 Notice Me
33%
14 187,358,633 Seek & Destroy
33%
21 111,182,413 Smoking on My Ex Pack
33%
13 201,086,376 Special
33%
12 211,072,381 Used
33%
23 76,663,820 Forgiveless
0%
22 97,716,320 Too Late
0%
No matching quizzes found
Score Distribution
Percent of People with Each Score
Percentile by Number Answered
Your Score History
You have not taken this quiz